000 00808nam a2200241Ii 4500
003 JO-AjNU
008 230605s9999||||xx |||||||||||||| ||und||
017 _a2007/22744
020 _a977-337-310-X
040 _aJO-AjNU
_bara
_erda
_cJO-AjNU
041 _aara
050 1 4 _aHD49.2008
100 3 _aالسماحي،لواء شريف,
_eauthor
_932366
245 0 0 _aادارة المخاطر الامنية بالمنشآت
250 _aط1
264 3 1 _aالقاهرة:مركز الخبرات المهنية للادارة بميك،2008
300 _a387ص
_bببلوغرافية ص377-ص387
336 _atext
_btxt
_2rdacontent
337 _aunmediated
_bn
_2rdamedia
338 _avolume
_bnc
_2rdacarrier
490 0 _aاصدارات بميك؛88
650 4 _aادارة-المنشآت
_932367
999 _aA13057
_c16625
_d16625